=LDR 00000nam 2200000 4500 =001 INLIS000000000022327 =005 20130612121109 =008 ***********************************Ind** =035 ##$$0010-061300000022327 =041 ##$$a Ind =082 ##$$a F.Rom.K =090 ##$$a F.Rom.K, Rah s =100 ##$$a Rahimsyah, MB =245 ##$$a Si Kancil dan Buaya yang bodoh, MB. Rahimsyah =260 ##$$a 2006 $b Jakarta =300 ##$$a 16 hlm, ilus, 15 =650 ##$$a Fiksi Anak-akan =850 ##$$a NBPNMAT